书目信息 |
| 题名: |
中国古代的类比
|
|
| 作者: | 黄朝阳 著 | |
| 分册: | ||
| 出版信息: | 北京 社会科学文献出版社 2006 |
|
| 页数: | 305页 | |
| 开本: | 22cm | |
| 丛书名: | 哲学新视界系列丛书 | |
| 单 册: | ||
| 中图分类: | B812.3 , B81-092 | |
| 科图分类: | ||
| 主题词: | 类比--研究--中国--先秦时代 , 类比 , DISPLAY逻辑 | |
| 电子资源: | ||
| ISBN: | 7-80230-031-2 | |
| 000 | 01204oam2 2200313 450 | |
| 001 | 0930812578 | |
| 005 | 20090928085607.45 | |
| 010 | @a7-80230-031-2@dCNY26.00 | |
| 100 | @a20060618d2006 em y0chiy50 ea | |
| 101 | 0 | @achi@deng@eeng |
| 102 | @aCN@b110000 | |
| 105 | @ay z 000yy | |
| 106 | @ar | |
| 200 | 1 | @a中国古代的类比@e先秦诸子譬论@dOn analogy in ancient China@eon pi of exponents of different schools of thought in the Pre-Qin period@f黄朝阳著@zeng@Azhong guo gu dai de lei bi |
| 210 | @a北京@c社会科学文献出版社@d2006 | |
| 215 | @a305页@d22cm | |
| 225 | 2 | @a哲学新视界系列丛书 |
| 330 | @a本书研究古人称为譬的类比方法,考察譬在先秦时期儒家、墨家、道家和法家四大学派中的历史沿革。 | |
| 461 | 0 | @1001002828268 |
| 510 | 1 | @aOn analogy in ancient China@eon pi of exponents of different schools of thought in the Pre-Qin period@zeng |
| 517 | 1 | @a先秦诸子譬论@Axian qin zhu zi pi lun |
| 606 | 0 | @a类比@x研究@y中国@z先秦时代 |
| 606 | 0 | @a类比 |
| 606 | 0 | @aDISPLAY逻辑 |
| 690 | @aB812.3@v4 | |
| 690 | @aB81-092@v4 | |
| 701 | 0 | @a黄朝阳@f(1964~)@4著@Ahuang chao yang |
| 801 | 0 | @aCN@b大连网信软件有限公司图书馆·11@c20090928 |
| 905 | @a10447@dB81-092@eJY48 | |
| 中国古代的类比:先秦诸子譬论=On analogy in ancient China:on pi of exponents of different schools of thought in the Pre-Qin period/黄朝阳著.-北京:社会科学文献出版社,2006 |
| 305页;22cm .-(哲学新视界系列丛书 ) |
| ISBN 7-80230-031-2:CNY26.00 |
| 本书研究古人称为譬的类比方法,考察譬在先秦时期儒家、墨家、道家和法家四大学派中的历史沿革。 |
| ● |
| 相关链接 |
|
|
|
|
正题名:中国古代的类比
索取号:B81-092/JY48
 
预约/预借
| 序号 | 登录号 | 条形码 | 馆藏地/架位号 | 状态 | 备注 |
| 1 | 7804839 | 278048391 | 学院路分馆/ [索取号:B81-092/JY48] | 在馆 | |
| 2 | 7804840 | 278048408 | 学院路分馆/ [索取号:B81-092/JY48] | 在馆 |